[Event "Olimpiade 2024 - Donne"]
[Site "Budapest"]
[Date "11.09.2024"]
[Round "1.1"]
[Board "3"]
[White "Brown, Raehanna"]
[Black "Vantika, Agrawal"]
[Result "1/2-1/2"]
[WhiteTitle "WFM"]
[BlackTitle "IM"]
[WhiteElo "1910"]
[BlackElo "2370"]
[WhiteTeam "Jamaica"]
[BlackTeam "India"]
[WhiteFideId "7402740"]
[BlackFideId "25050389"]
[EventDate "2024.09.11"]

1. c4 e5 2. Nc3 Nf6 3. g3 Bb4 4. Bg2 O-O 5. d3 Re8 6. e4 c6 7. Bg5 h6 8. Bxf6
Qxf6 9. Ne2 d6 10. O-O Na6 11. Qd2 h5 12. Rad1 h4 13. h3 hxg3 14. fxg3 Qe7 15.
Kh2 Nc5 16. a3 Bxc3 17. Qxc3 Qg5 18. d4 exd4 19. Qxd4 Re6 20. Rf5 Qe7 21. Nf4
Re5 22. Rxe5 dxe5 23. Qd8+ Qf8 24. Qc7 Be6 25. Nxe6 Nxe6 26. Qxe5 Rd8 27. Rxd8
Qxd8 28. Qc3 Qd1 29. Qf3 Qc2 30. Qe3 b6 31. b3 Nc5 32. b4 Ne6 33. e5 Qxc4 34.
Qf3 Nd4 35. Qg4 c5 36. Qd7 Qe6 37. Qxa7 Qxe5 38. Qxb6 Nf5 39. Qxc5 Qxg3+ 40. Kg1
Ne3 41. Qc6 Nxg2 42. Qa8+ Kh7 43. Qxg2 Qxa3 44. Qe4+ g6 45. Qh4+ Kg7 46. Qd4+ f6
47. h4 Qa4 48. Kf2 Qb5 49. Qa7+ Kf8 50. Qc5+ Qxc5+ 51. bxc5 Ke7 52. Ke3 Kd7 53.
Kd3 1/2-1/2

[Event "Olimpiade 2024 - Donne"]
[Site "Budapest"]
[Date "11.09.2024"]
[Round "1.4"]
[Board "2"]
[White "Maltsevskaya, Aleksandra"]
[Black "Chung Hurtado, Yaleika"]
[Result "1-0"]
[WhiteTitle "IM"]
[BlackTitle "WFM"]
[WhiteElo "2404"]
[BlackElo "1832"]
[WhiteTeam "Poland"]
[BlackTeam "Panama"]
[WhiteFideId "24174041"]
[BlackFideId "6600603"]
[EventDate "2024.09.11"]

1. e4 c6 2. d4 d5 3. e5 c5 4. Nf3 Nc6 5. dxc5 Bg4 6. c3 Bxf3 7. Qxf3 Nxe5 8.
Bb5+ Nc6 9. O-O e6 10. b4 Be7 11. Nd2 Bf6 12. Rd1 Qc7 13. Nf1 Ne7 14. Ng3 O-O
15. a3 a6 16. Bxc6 Nxc6 17. Nh5 Qe7 18. Bf4 Ne5 19. Qg3 Nc4 20. Bh6 g6 21. Nxf6+
Qxf6 22. Bxf8 Rxf8 23. Rd4 Rc8 24. Rad1 Nxa3 25. Qh3 Rc7 26. Rh4 Qg7 27. c4 Nc2
28. cxd5 exd5 29. Qd3 Qf6 30. g3 Qb2 31. Qxd5 Kg7 32. Qd2 Qb3 33. Qh6+ 1-0

[Event "Olimpiade 2024 - Donne"]
[Site "Budapest"]
[Date "11.09.2024"]
[Round "1.22"]
[Board "4"]
[White "Saraci, Ndriqona"]
[Black "Ciolacu, Alessia-Mihaela"]
[Result "0-1"]
[WhiteTitle "WCM"]
[BlackTitle "WIM"]
[WhiteElo "1656"]
[BlackElo "2160"]
[WhiteTeam "Kosovo"]
[BlackTeam "Romania"]
[WhiteFideId "969095"]
[BlackFideId "1252640"]
[EventDate "2024.09.11"]

1. e4 c5 2. Nf3 d6 3. Bb5+ Nd7 4. c4 Nf6 5. d3 a6 6. Ba4 g6 7. O-O Bg7 8. e5
dxe5 9. Nxe5 O-O 10. Nxd7 Bxd7 11. Bxd7 Qxd7 12. Qf3 Rfd8 13. Rd1 Ng4 14. Nc3
Rac8 15. Nd5 Ne5 16. Qe3 Rc6 17. Rb1 e6 18. Nf4 Nxc4 19. Qe4 Nd6 20. Qf3 Nf5 21.
Be3 e5 22. Nh3 Nd4 23. Bxd4 Qxd4 24. Qe4 f5 25. Qxd4 Rxd4 26. f3 Bh6 27. Kf2 c4
28. dxc4 Rcxc4 29. Rxd4 Rc2+ 30. Kg3 exd4 31. f4 d3 32. a4 d2 33. Rd1 Rxb2 34.
Kf2 Bf8 35. Ke2 Bb4 36. Nf2 Ra2 37. Nd3 Rxa4 38. Nxb4 Rxb4 39. Rxd2 Re4+ 40. Kf3
Re6 41. Rd8+ Kf7 42. Rd7+ Re7 43. Rd6 Rc7 44. Rb6 a5 45. Ke3 a4 46. Kd3 Ke7 47.
h3 Kd8 48. g4 Kc8 49. gxf5 gxf5 50. Rb5 Rc6 51. Rxf5 a3 52. Ra5 Ra6 53. Rc5+ Kd7
54. Rc1 a2 55. Ra1 Ke6 56. Kc4 Kf5 0-1

[Event "Olimpiade 2024 - Donne"]
[Site "Budapest"]
[Date "11.09.2024"]
[Round "1.37"]
[Board "1"]
[White "Bouzana, Christina"]
[Black "Azali, Tannaz"]
[Result "0-1"]
[BlackTitle "WFM"]
[WhiteElo "1644"]
[BlackElo "2125"]
[WhiteTeam "Cyprus"]
[BlackTeam "Iran"]
[WhiteFideId "5905508"]
[BlackFideId "12537721"]
[EventDate "2024.09.11"]

1. d4 Nf6 2. c4 e6 3. Nc3 Bb4 4. e3 c5 5. Ne2 d5 6. cxd5 Nxd5 7. a3 Nxc3 8. bxc3
Ba5 9. Bd2 O-O 10. Ng3 Nc6 11. Be2 cxd4 12. cxd4 e5 13. dxe5 Nxe5 14. Bb4 Bxb4+
15. axb4 Qe7 16. Rb1 Rd8 17. Qc1 b6 18. O-O Be6 19. b5 Rac8 20. Qb2 Nd7 21. Rfc1
Nc5 22. Bc4 Bxc4 23. Rxc4 Qe6 24. Rbc1 g6 25. Qc2 Rd5 26. Ne2 Rcd8 27. Nd4 Qd7
28. g3 Ne6 29. Nc6 Re8 30. Rb1 Rd2 31. Qc3 Ng5 32. Nd4 Nh3+ 33. Kg2 Rxf2+ 34.
Kh1 Qd5+ 0-1

[Event "Olimpiade 2024 - Donne"]
[Site "Budapest"]
[Date "11.09.2024"]
[Round "1.45"]
[Board "4"]
[White "Sibajeva, Marija"]
[Black "Cabral, Sylvi"]
[Result "1-0"]
[WhiteTitle "WFM"]
[WhiteElo "2007"]
[BlackElo "1471"]
[WhiteTeam "Lithuania"]
[BlackTeam "Aruba"]
[WhiteFideId "12807583"]
[BlackFideId "15900924"]
[EventDate "2024.09.11"]

1. e4 c5 2. Nf3 g6 3. d4 cxd4 4. Nxd4 Bg7 5. c4 Nc6 6. Nf3 Nf6 7. Nc3 O-O 8. Be2
d6 9. O-O Bg4 10. Be3 Rc8 11. Rc1 Qd7 12. b3 a6 13. h3 Bxf3 14. Bxf3 Ne5 15. Be2
Qc6 16. f4 Ned7 17. Nd5 Rfe8 18. Bf3 Nxd5 19. exd5 Qc7 20. Qd2 Nf6 21. g4 h5 22.
gxh5 gxh5 23. Kh2 Kf8 24. Rg1 h4 25. Qg2 Bh8 26. Qg5 e6 27. Qxh4 Ke7 28. Bd4 Qa5
29. Rc2 b5 30. dxe6 fxe6 31. Bxf6+ Bxf6 32. Rg7+ 1-0

[Event "Olimpiade 2024 - Donne"]
[Site "Budapest"]
[Date "11.09.2024"]
[Round "1.48"]
[Board "4"]
[White "Al Ghafri, Alanoud"]
[Black "Musabayeva, Diana"]
[Result "0-1"]
[WhiteElo "1546"]
[BlackElo "1911"]
[WhiteTeam "Oman"]
[BlackTeam "Belgium"]
[WhiteFideId "22000313"]
[BlackFideId "254720"]
[EventDate "2024.09.11"]

1. e4 c5 2. Nf3 d6 3. d4 cxd4 4. Qxd4 e5 5. Bb5+ Nd7 6. Qd3 a6 7. Ba4 Nf6 8. Bg5
b5 9. Bxf6 Qxf6 10. Qd5 Rb8 11. Bb3 Bb7 12. Qd3 Nc5 13. Qe3 Nxe4 14. Nc3 Nxc3
15. Qxc3 Be7 16. O-O-O O-O 17. Bd5 Rfc8 18. Qb3 Bxd5 19. Rxd5 Qf4+ 20. Kb1 Qc4
21. Nd2 Qxb3 22. Nxb3 Rc7 23. Re1 Rbc8 24. c3 Rc4 25. Nd2 R4c5 26. Rd3 f5 27. g3
Kf7 28. h4 R5c6 29. Rf3 g6 30. h5 Kg7 31. Kc2 e4 32. Rfe3 d5 33. Nb3 Bf6 34. Rd1
Rd6 35. f3 Rc4 36. fxe4 Rxe4 37. Red3 Be5 38. Rxd5 Re2+ 39. Kb1 Rxd5 40. Rxd5
Bxg3 41. hxg6 hxg6 42. Nd4 Re4 43. Rd7+ Kh6 44. Ra7 Bf2 45. Rxa6 Bxd4 46. cxd4
Rxd4 47. Rb6 b4 48. Kc2 f4 49. Re6 Kh5 50. Re2 f3 51. Rd2 Rxd2+ 52. Kxd2 Kg4 53.
Ke1 Kg3 54. Kf1 f2 55. a3 bxa3 56. bxa3 g5 57. a4 g4 58. a5 Kf3 59. a6 g3 0-1

[Event "Olimpiade 2024 - Donne"]
[Site "Budapest"]
[Date "11.09.2024"]
[Round "1.60"]
[Board "1"]
[White "O'Gorman, Alice"]
[Black "Magne Kouokam Sylviane"]
[Result "1-0"]
[BlackTitle "WCM"]
[WhiteElo "1996"]
[BlackElo "1587"]
[WhiteTeam "Ireland"]
[BlackTeam "Cameroon"]
[WhiteFideId "2508214"]
[BlackFideId "16400402"]
[EventDate "2024.09.11"]

1. c4 e5 2. Nc3 Nf6 3. g3 Bc5 4. Bg2 Nc6 5. e3 Nb4 6. d3 O-O 7. a3 Na6 8. b4
Nxb4 9. axb4 Bxb4 10. Qb3 c5 11. Ne2 d6 12. O-O Re8 13. Ba3 a5 14. Nd5 Bg4 15.
Nec3 Rb8 16. f4 Bd7 17. fxe5 Nxd5 18. Bxd5 Rxe5 19. Bxf7+ Kh8 20. Ne4 Qe7 21.
Bd5 Be6 22. Bxe6 Rxe6 23. Bb2 Rg6 24. Qd1 Qh4 25. Qf3 Qe7 26. Qf7 Qxf7 27. Rxf7
b6 28. Raf1 h6 29. Ra7 Re8 30. Rff7 Rg8 31. h4 Be1 32. h5 Rg4 33. Kg2 b5 34. Kf3
Rxe4 35. dxe4 b4 36. Bxg7+ Rxg7 37. Rxg7 Bc3 38. Rgb7 1-0

[Event "Olimpiade 2024 - Donne"]
[Site "Budapest"]
[Date "12.09.2024"]
[Round "2.1"]
[Board "1"]
[White "Dronavalli, Harika"]
[Black "Movsesian, Julia"]
[Result "1-0"]
[WhiteTitle "GM"]
[BlackTitle "WGM"]
[WhiteElo "2502"]
[BlackElo "2198"]
[WhiteTeam "India"]
[BlackTeam "Czech Republic"]
[WhiteFideId "5015197"]
[BlackFideId "4139690"]
[EventDate "2024.09.11"]

1. Nf3 Nf6 2. c4 e6 3. g3 d5 4. Bg2 d4 5. O-O c5 6. e3 Nc6 7. d3 Bd6 8. Na3 O-O
9. exd4 cxd4 10. Nc2 e5 11. b4 Re8 12. Re1 a6 13. Rb1 h6 14. a4 Bf5 15. c5 Bb8
16. Bb2 Qc8 17. Ba1 a5 18. b5 Nd8 19. Rc1 Bg4 20. Na3 Qf5 21. Nc4 Qh5 22. Ncd2
Ne6 23. Qb3 Bh3 24. Bxh3 Qxh3 25. Qd1 Rc8 26. Nf1 Qf5 27. Nh4 Qg5 28. Nf3 Qf5
29. Nh4 Qg5 30. Qf3 e4 31. dxe4 Rxc5 32. Rxc5 Qxc5 33. e5 Bxe5 34. Qxb7 Rd8 35.
Nf5 Rb8 36. Qc6 Re8 37. Qxc5 Nxc5 38. f4 Bc7 39. Rxe8+ Nxe8 40. Bxd4 Nxa4 41.
Ne7+ Kf8 42. Nd5 Bb8 43. b6 Nd6 44. Kf2 Nb5 45. Ke3 Bd6 46. Kd3 f6 47. Nd2 Ke8
48. Nc4 Kd7 49. b7 Bb8 50. Nxa5 Kd6 51. Nb4 Nxd4 52. Kxd4 Ba7+ 53. Ke4 g6 54.
Nac6 1-0

[Event "Olimpiade 2024 - Donne"]
[Site "Budapest"]
[Date "12.09.2024"]
[Round "2.1"]
[Board "2"]
[White "Kanakova, Natalie"]
[Black "Divya, Deshmukh"]
[Result "0-1"]
[WhiteTitle "WIM"]
[BlackTitle "IM"]
[WhiteElo "2145"]
[BlackElo "2483"]
[WhiteTeam "Czech Republic"]
[BlackTeam "India"]
[WhiteFideId "350486"]
[BlackFideId "35006916"]
[EventDate "2024.09.11"]

1. e4 c6 2. d4 d5 3. Nc3 dxe4 4. Nxe4 Nf6 5. Nxf6+ exf6 6. Nf3 Bd6 7. Bd3 O-O 8.
O-O Bg4 9. c3 Bc7 10. h3 Bh5 11. Bc2 Qd5 12. Qd3 Bg6 13. Qe2 Nd7 14. Bxg6 hxg6
15. Re1 Rfd8 16. c4 Qh5 17. Be3 Nf8 18. Rac1 Ne6 19. Red1 Rd7 20. Rc3 Rad8 21.
Rcd3 Qf5 22. Nh4 Qe4 23. Qg4 f5 24. Qxe4 fxe4 25. Rb3 Nxd4 26. Bxd4 Rxd4 27.
Rxd4 Rxd4 28. g3 Rxc4 29. Rxb7 Bb6 30. Re7 Rc1+ 31. Kg2 Rc2 32. Re8+ Kh7 33.
Rxe4 Rxf2+ 34. Kh1 g5 35. Ng2 Rxb2 36. a4 f5 37. Rc4 Rb1+ 38. Kh2 Bg1+ 39. Kh1
Bf2+ 40. Kh2 Rb3 41. g4 Bg3+ 0-1

[Event "Olimpiade 2024 - Donne"]
[Site "Budapest"]
[Date "12.09.2024"]
[Round "2.1"]
[Board "4"]
[White "Korenova, Martina"]
[Black "Tania, Sachdev"]
[Result "1/2-1/2"]
[WhiteTitle "WIM"]
[BlackTitle "IM"]
[WhiteElo "2104"]
[BlackElo "2386"]
[WhiteTeam "Czech Republic"]
[BlackTeam "India"]
[WhiteFideId "302805"]
[BlackFideId "5007844"]
[EventDate "2024.09.11"]

1. e4 e5 2. Nf3 Nc6 3. Bb5 a6 4. Ba4 Nf6 5. d3 d6 6. c4 Be7 7. d4 exd4 8. Nxd4
Bd7 9. Nc3 O-O 10. Nxc6 Bxc6 11. Bxc6 bxc6 12. O-O Nd7 13. Qa4 c5 14. Nd5 Bf6
15. Nxf6+ Nxf6 16. Re1 Re8 17. Bg5 h6 18. Bxf6 Qxf6 19. Re2 Rab8 20. Rae1 Re7
21. b3 Rb6 22. Qa5 Qe5 23. g3 g5 24. Qd2 Qd4 25. Qe3 Qxe3 26. Rxe3 f6 27. f4 Kf7
28. Kf2 Rb8 29. e5 dxe5 30. fxe5 Rbe8 31. exf6 Rxe3 32. Rxe3 Rxe3 33. Kxe3 Kxf6
34. Ke4 1/2-1/2

[Event "Olimpiade 2024 - Donne"]
[Site "Budapest"]
[Date "12.09.2024"]
[Round "2.2"]
[Board "1"]
[White "Ortiz Verdezoto, Anahi"]
[Black "Hoang, Thanh Trang"]
[Result "0-1"]
[WhiteTitle "WIM"]
[BlackTitle "GM"]
[WhiteElo "2229"]
[BlackElo "2351"]
[WhiteTeam "Ecuador"]
[BlackTeam "Hungary"]
[WhiteFideId "3614581"]
[BlackFideId "12400149"]
[EventDate "2024.09.11"]

1. d4 d5 2. c4 e6 3. Nc3 a6 4. cxd5 exd5 5. Nf3 Nf6 6. Bg5 Be6 7. e3 Nbd7 8. Bd3
Bd6 9. O-O c6 10. Bf4 Qc7 11. Bxd6 Qxd6 12. Rb1 O-O 13. b4 b5 14. a4 Nb6 15. a5
Nc4 16. h3 h6 17. Re1 Rfe8 18. Re2 Re7 19. Qe1 Rae8 20. Na2 Ne4 21. Nc1 Bf5 22.
Rb3 Qf6 23. Kh2 Bg6 24. Bc2 Bh5 25. Nd3 Bxf3 26. gxf3 Ng5 27. Qd1 Nxf3+ 28. Kg2
Nxd4 0-1

[Event "Olimpiade 2024 - Donne"]
[Site "Budapest"]
[Date "12.09.2024"]
[Round "2.3"]
[Board "1"]
[White "Zherebtsova, Alexandra"]
[Black "Dzagnidze, Nana"]
[Result "0-1"]
[WhiteTitle "FM"]
[BlackTitle "GM"]
[WhiteElo "2239"]
[BlackElo "2508"]
[WhiteTeam "Montenegro"]
[BlackTeam "Georgia"]
[WhiteFideId "24129518"]
[BlackFideId "13601903"]
[EventDate "2024.09.11"]

1. d4 Nf6 2. c4 e6 3. Nc3 Bb4 4. f3 c5 5. d5 d6 6. e4 b5 7. Ne2 bxc4 8. Nf4 e5
9. Ne2 Nbd7 10. Ng3 Nb6 11. Be2 Ng8 12. f4 exf4 13. Bxf4 Ne7 14. O-O Bxc3 15.
bxc3 O-O 16. Bg5 f6 17. Be3 Ng6 18. Qe1 Qe7 19. a4 a5 20. Qb1 Rb8 21. Qa2 Bd7
22. Bxc4 f5 23. Bd2 Nxc4 24. Qxc4 f4 25. Nf5 Bxf5 26. exf5 Rxf5 27. Rae1 Qf7 28.
Re6 f3 29. g4 f2+ 30. Kg2 Rf3 31. Bg5 Rf8 32. Qe4 Rxc3 33. Rxd6 Rc4 34. Qf5 Qxf5
35. gxf5 Rg4+ 36. Kh1 Ne5 37. Be3 Nc4 38. Re6 Nxe3 39. Rxe3 Rxf5 40. Re8+ Kf7
41. Rc8 Rxd5 42. Rxf2+ Kg6 43. Rc6+ Kh5 44. h3 Rxa4 45. Rc2 Ra3 46. Kg2 Kh4 47.
R6xc5 Rxc5 48. Rxc5 Ra2+ 49. Kf3 g5 50. Ke4 Ra4+ 51. Ke3 Ra3+ 52. Ke4 Rxh3 53.
Rxa5 Kg4 54. Ra1 h5 55. Ra2 h4 56. Ra1 Rg3 57. Kd4 0-1

[Event "Olimpiade 2024 - Donne"]
[Site "Budapest"]
[Date "12.09.2024"]
[Round "2.3"]
[Board "2"]
[White "Batsiashvili, Nino"]
[Black "Skvortsova, Alena"]
[Result "1-0"]
[WhiteTitle "GM"]
[BlackTitle "WFM"]
[WhiteElo "2461"]
[BlackElo "2179"]
[WhiteTeam "Georgia"]
[BlackTeam "Montenegro"]
[WhiteFideId "13602993"]
[BlackFideId "24166251"]
[EventDate "2024.09.11"]

1. d4 d5 2. c4 c6 3. cxd5 cxd5 4. Bf4 Nc6 5. e3 Nf6 6. Bd3 e6 7. Nc3 a6 8. Rc1
Qb6 9. Nge2 Bd7 10. O-O Rc8 11. Na4 Qa7 12. a3 Be7 13. Nc5 Nh5 14. Nxd7 Kxd7 15.
Be5 f6 16. Nc3 g6 17. Bg3 Nxg3 18. hxg3 Ke8 19. Na4 Kf7 20. Rc3 b5 21. Qc2 Qb7
22. Nc5 Bxc5 23. Rxc5 Na5 24. Rc1 Nc4 25. e4 Rxc5 26. dxc5 dxe4 27. Bxc4 bxc4
28. Qxc4 Qxb2 29. Rd1 Re8 30. c6 e3 31. fxe3 Qe5 32. Rd7+ Kg8 33. c7 Qxe3+ 34.
Kh2 Qh6+ 35. Qh4 1-0

[Event "Olimpiade 2024 - Donne"]
[Site "Budapest"]
[Date "12.09.2024"]
[Round "2.4"]
[Board "1"]
[White "Kashlinskaya, Alina"]
[Black "Librelato, Kathie Goulart"]
[Result "1-0"]
[WhiteTitle "IM"]
[BlackTitle "WIM"]
[WhiteElo "2490"]
[BlackElo "2181"]
[WhiteTeam "Poland"]
[BlackTeam "Brazil"]
[WhiteFideId "4198026"]
[BlackFideId "2153963"]
[EventDate "2024.09.11"]

1. d4 d5 2. c4 e6 3. Nc3 c6 4. e4 dxe4 5. Nxe4 c5 6. Be3 cxd4 7. Bxd4 Nc6 8. Bc3
Qxd1+ 9. Rxd1 e5 10. c5 Be6 11. Bb5 Nf6 12. Nxf6+ gxf6 13. b4 Rg8 14. Ne2 a5 15.
bxa5 Bd7 16. Ng3 Bxc5 17. Ne4 Be7 18. O-O Rg6 19. Nd6+ Bxd6 20. Rxd6 f5 21. Rd5
Ke7 22. Bb4+ Nxb4 23. Rxd7+ Kf8 24. Bc4 Rxa5 25. Rxf7+ Ke8 26. Rxb7 Nd5 27. Rd1
Rb6 28. Rxd5 1-0

[Event "Olimpiade 2024 - Donne"]
[Site "Budapest"]
[Date "12.09.2024"]
[Round "2.4"]
[Board "2"]
[White "Alboredo, Julia"]
[Black "Maltsevskaya, Aleksandra"]
[Result "0-1"]
[WhiteTitle "FM"]
[BlackTitle "IM"]
[WhiteElo "2127"]
[BlackElo "2404"]
[WhiteTeam "Brazil"]
[BlackTeam "Poland"]
[WhiteFideId "2124807"]
[BlackFideId "24174041"]
[EventDate "2024.09.11"]

1. e4 c6 2. d4 d5 3. exd5 cxd5 4. Bd3 Nf6 5. c3 Bg4 6. Qb3 Qc7 7. Ne2 Bxe2 8.
Bxe2 e6 9. O-O Bd6 10. f4 O-O 11. Bd3 Nc6 12. Qd1 Ne4 13. Bxe4 dxe4 14. Qe2 f5
15. Be3 Ne7 16. g3 Nd5 17. Nd2 b5 18. a4 a6 19. h4 Qc6 20. Ra2 bxa4 21. Nc4 Rab8
22. Nxd6 Qxd6 23. Rxa4 Nxe3 24. Qxe3 Rxb2 25. Rf2 Rfb8 26. Ra2 Rxa2 27. Rxa2
Rb1+ 28. Kh2 Qc6 29. h5 Rb3 30. Rc2 a5 31. h6 a4 32. d5 exd5 33. Qd4 Qxh6+ 34.
Kg2 Qc6 35. c4 a3 36. Rd2 h6 37. cxd5 Qg6 38. Qf2 e3 39. Qf3 exd2 40. Qxb3 Qg4 0-1

[Event "Olimpiade 2024 - Donne"]
[Site "Budapest"]
[Date "12.09.2024"]
[Round "2.4"]
[Board "3"]
[White "Kiolbasa, Oliwia"]
[Black "Tamarozi, Isabelle"]
[Result "1-0"]
[WhiteTitle "IM"]
[WhiteElo "2348"]
[BlackElo "2059"]
[WhiteTeam "Poland"]
[BlackTeam "Brazil"]
[WhiteFideId "1154613"]
[BlackFideId "2132400"]
[EventDate "2024.09.11"]

1. e4 c5 2. Nf3 Nc6 3. Bb5 g6 4. Bxc6 bxc6 5. d4 cxd4 6. Qxd4 f6 7. O-O Bg7 8.
c4 Nh6 9. c5 Nf7 10. Nc3 O-O 11. Qc4 Qa5 12. b4 Ba6 13. Qb3 Qc7 14. Rd1 Rab8 15.
Be3 Kh8 16. a4 Bc8 17. b5 d6 18. b6 Qd7 19. a5 a6 20. Rac1 Qg4 21. Nd4 Ne5 22.
h3 Qh5 23. Nce2 dxc5 24. Nf4 Qh4 25. Rxc5 g5 26. Nfe6 Rg8 27. Nxg7 Rxg7 28. Rxe5
fxe5 29. Nxc6 Rg8 30. Qd5 Bxh3 31. Qxe5+ Rg7 32. Qxb8+ 1-0

[Event "Olimpiade 2024 - Donne"]
[Site "Budapest"]
[Date "12.09.2024"]
[Round "2.5"]
[Board "2"]
[White "Guo, Qi"]
[Black "Argote Heredia, Valentina"]
[Result "1-0"]
[WhiteTitle "IM"]
[BlackTitle "WIM"]
[WhiteElo "2367"]
[BlackElo "2144"]
[WhiteTeam "China"]
[BlackTeam "Colombia"]
[WhiteFideId "8604002"]
[BlackFideId "4431022"]
[EventDate "2024.09.11"]

1. d4 Nf6 2. Nf3 e6 3. c4 Bb4+ 4. Bd2 Qe7 5. g3 Nc6 6. Nc3 O-O 7. Bg2 Bxc3 8.
Bxc3 Ne4 9. Rc1 d6 10. O-O f5 11. d5 Nd8 12. b4 a5 13. a3 Bd7 14. Bb2 e5 15. c5
Nf7 16. Nd2 Nf6 17. Nc4 axb4 18. axb4 Ra6 19. Qd3 Rfa8 20. Na5 dxc5 21. Nxb7 e4
22. Qd2 cxb4 23. Rxc7 Ne8 24. Rcc1 Rb6 25. Nc5 Ra5 26. Nb3 Rab5 27. f3 e3 28.
Qd3 f4 29. Rc4 fxg3 30. hxg3 Qg5 31. Nc5 Bc8 32. Ne4 Qd8 33. Qxe3 Bb7 34. Rd1
Rg6 35. Rc5 Rbb6 36. f4 Ned6 37. Nxd6 Nxd6 38. Bh3 Qh4 39. Qe6+ Kf8 40. Qxg6 1-0

[Event "Olimpiade 2024 - Donne"]
[Site "Budapest"]
[Date "12.09.2024"]
[Round "2.5"]
[Board "3"]
[White "Chirivi C, Jenny Astrid"]
[Black "Ni, Shiqun"]
[Result "0-1"]
[WhiteTitle "WIM"]
[BlackTitle "WGM"]
[WhiteElo "2120"]
[BlackElo "2348"]
[WhiteTeam "Colombia"]
[BlackTeam "China"]
[WhiteFideId "4403061"]
[BlackFideId "8608466"]
[EventDate "2024.09.11"]

1. d4 d5 2. c4 c6 3. cxd5 cxd5 4. Nc3 Nc6 5. Bf4 e6 6. e3 Bd6 7. Bxd6 Qxd6 8. f4
Nge7 9. Nf3 Bd7 10. Bd3 f6 11. O-O O-O 12. Rc1 Rac8 13. Bb1 Be8 14. Ne1 Bg6 15.
Nd3 Nf5 16. Qd2 Qe7 17. Nb5 a6 18. Nc3 Nd6 19. b3 b6 20. Nf2 Bxb1 21. Rxb1 Qb7
22. Na4 Rc7 23. Rbc1 Rfc8 24. Rfd1 Ne7 25. Qe1 Nef5 26. Nd3 Rxc1 27. Rxc1 Rxc1
28. Qxc1 h5 29. g3 a5 30. Nf2 Qa6 31. Qd2 Qb5 32. Nb2 Qc6 33. Kg2 Qc2 34. Qxc2
Nxe3+ 35. Kf3 Nxc2 36. Na4 b5 37. Nc5 Nxd4+ 38. Ke3 N6f5+ 39. Kd3 e5 40. fxe5
fxe5 41. g4 e4+ 42. Kc3 b4+ 0-1

[Event "Olimpiade 2024 - Donne"]
[Site "Budapest"]
[Date "12.09.2024"]
[Round "2.5"]
[Board "4"]
[White "Lu, Miaoyi"]
[Black "Mogollon Tobar, Nicolle Julieth"]
[Result "1-0"]
[WhiteTitle "IM"]
[BlackTitle "WFM"]
[WhiteElo "2438"]
[BlackElo "2045"]
[WhiteTeam "China"]
[BlackTeam "Colombia"]
[WhiteFideId "8618020"]
[BlackFideId "4452194"]
[EventDate "2024.09.11"]

1. e4 c6 2. d4 d5 3. exd5 cxd5 4. Bd3 Nf6 5. c3 Bg4 6. Qb3 Qc7 7. h3 Bh5 8. g4
Bg6 9. Bxg6 hxg6 10. g5 Nfd7 11. Qxd5 e5 12. Be3 Nc6 13. Nd2 Nb6 14. Qe4 O-O-O
15. Ne2 Nd5 16. O-O-O exd4 17. Bxd4 Nxd4 18. Qxd4 Bc5 19. Qg4+ Kb8 20. Ne4 Bb6
21. Kb1 Rhe8 22. Rhe1 Ne7 23. N2g3 Nc6 24. f4 Rxd1+ 25. Rxd1 Rd8 26. f5 Ne5 27.
Qe2 Nc4 28. fxg6 fxg6 29. Rd3 Rxd3 30. Qxd3 Ne3 31. Nd6 Bc5 32. Nge4 Nf5 33.
Nxf5 gxf5 34. Nxc5 Qxc5 35. Qd8+ Qc8 36. Qxc8+ Kxc8 37. Kc2 Kd7 38. Kd3 Ke6 39.
Kd4 g6 40. c4 b6 41. b4 1-0

[Event "Olimpiade 2024 - Donne"]
[Site "Budapest"]
[Date "12.09.2024"]
[Round "2.6"]
[Board "1"]
[White "Osmak, Yuliia"]
[Black "Martynkova, Olena"]
[Result "0-1"]
[WhiteTitle "IM"]
[BlackTitle "WIM"]
[WhiteElo "2471"]
[BlackElo "2176"]
[WhiteTeam "Ukraine"]
[BlackTeam "Lithuania"]
[WhiteFideId "14101602"]
[BlackFideId "14134039"]
[EventDate "2024.09.11"]

1. d4 d5 2. c4 c6 3. Nf3 Nf6 4. e3 g6 5. Nc3 Bg7 6. Be2 O-O 7. O-O Nbd7 8. cxd5
Nxd5 9. e4 Nxc3 10. bxc3 e5 11. Be3 Re8 12. Qc2 Qc7 13. Rad1 exd4 14. cxd4 Nb6
15. d5 Bg4 16. d6 Qd7 17. Rd2 Bxf3 18. Bxf3 Qe6 19. Rb1 Red8 20. Bc5 Be5 21. a4
Nc4 22. Bg4 Bxh2+ 23. Kxh2 Qe5+ 24. g3 Nxd2 25. Rb4 b6 26. Bd4 Qxd6 27. Qxd2 c5
28. e5 Qd5 29. e6 cxb4 30. exf7+ Qxf7 31. Qe1 Re8 32. Qxb4 Re4 33. f3 Re2+ 34.
Kh1 0-1

[Event "Olimpiade 2024 - Donne"]
[Site "Budapest"]
[Date "12.09.2024"]
[Round "2.6"]
[Board "2"]
[White "Limontaite, Simona"]
[Black "Buksa, Nataliya"]
[Result "0-1"]
[WhiteTitle "WIM"]
[BlackTitle "IM"]
[WhiteElo "2177"]
[BlackElo "2387"]
[WhiteTeam "Lithuania"]
[BlackTeam "Ukraine"]
[WhiteFideId "12802506"]
[BlackFideId "14123622"]
[EventDate "2024.09.11"]

1. d4 Nf6 2. c4 e6 3. Nc3 d5 4. cxd5 exd5 5. Bg5 Nbd7 6. e3 c6 7. Bd3 Be7 8. Nf3
h6 9. Bh4 O-O 10. Qc2 Re8 11. O-O Ne4 12. Bxe7 Qxe7 13. Rae1 a5 14. Nd2 Nxd2 15.
Qxd2 Nf8 16. Na4 Qd8 17. Qc2 Bg4 18. a3 Bh5 19. Rb1 Ng6 20. Rbe1 Nf8 21. Rb1 Bg6
22. Nc5 Bxd3 23. Nxd3 Ng6 24. Qd1 Qg5 25. Qf3 Re4 26. g3 Rae8 27. Qg2 Qh5 28.
Nf4 Nxf4 29. gxf4 R8e6 0-1

[Event "Olimpiade 2024 - Donne"]
[Site "Budapest"]
[Date "12.09.2024"]
[Round "2.6"]
[Board "3"]
[White "Gaponenko, Inna"]
[Black "Baginskaite, Kamile"]
[Result "1-0"]
[WhiteTitle "IM"]
[BlackTitle "WGM"]
[WhiteElo "2324"]
[BlackElo "2103"]
[WhiteTeam "Ukraine"]
[BlackTeam "Lithuania"]
[WhiteFideId "14101181"]
[BlackFideId "2014599"]
[EventDate "2024.09.11"]

1. e4 c5 2. Nf3 d6 3. d4 cxd4 4. Nxd4 Nf6 5. Nc3 a6 6. Be3 e5 7. Nb3 Be6 8. Qd2
Nbd7 9. O-O-O Be7 10. f4 b5 11. h3 h5 12. Be2 h4 13. Rhe1 Rc8 14. Kb1 Qc7 15.
Nd5 Nxd5 16. exd5 Bf5 17. Bd3 Bxd3 18. Qxd3 O-O 19. Bd2 Bf6 20. Re4 exf4 21. Ba5
Qa7 22. Rxf4 Rfe8 23. Be1 Ne5 24. Qf1 Ng6 25. Rxf6 gxf6 26. Nd4 Rc4 27. Bc3 Rxc3
28. bxc3 Qe7 29. Nf5 Qe5 30. Qf3 Rc8 31. Rd3 Qf4 32. Qxf4 1-0